| 000 | 00969nam a22003017a 4500 | ||
|---|---|---|---|
| 001 | BR8204961 | ||
| 003 | BR-BrBNA | ||
| 005 | 20230928091432.0 | ||
| 007 | ta | ||
| 008 | 230509b bl.||||| |||| 00| 0 por d | ||
| 040 |
_aBR-BrBNA _bpor _cBiblioteca Nacional de Agricultura |
||
| 041 | _a(Por) | ||
| 072 |
_aS00; S20; S30 _b/G514 |
||
| 090 | _ S00 BR8204961 | ||
| 100 | 1 | _aGalvao, M.R.S. | |
| 110 | 1 |
_aFundacao Estadual de Planejamento Agricola do Rio Grande do Norte, Natal (Brasil) _94891 |
|
| 245 | 1 | _aConsumo alimentar e estado nutricional da populacao do PDRI Serra do Mel [Projeto de Desenvolvimento Rural Integrado, Rio Grande do Norte, Brasil] | |
| 260 | 3 |
_aNatal, RN (Brasil): _c1982. |
|
| 300 | _a33 p. | ||
| 500 | _a8 tables | ||
| 650 | _aNUTRICAO HUMANA | ||
| 650 | _aCONSUMO ALIMENTAR | ||
| 650 | _aFISIOLOGIA NUTRICIONAL | ||
| 650 | _aALIMENTACAO | ||
| 650 | _aRIO GRANDE DO NORTE | ||
| 909 |
_a202309 _bLucia _c55 _dLucia Elande |
||
| 942 | _cBK | ||
| 999 |
_c33858 _d33858 |
||